Синтез, особенности структуры и реакционной способности производных поливалентного иода на основе 2-(2-иодпиридил)-бензимидазола; Химия и химическая технология в XXI веке

Библиографические подробности
Источник:Химия и химическая технология в XXI веке.— 2019.— [С. 153-154]
Главный автор: Власенко Ю. А. Юлия Александровна
Автор-организация: Национальный исследовательский Томский политехнический университет Исследовательская школа химических и биомедицинских технологий (ИШХБМТ)
Другие авторы: Постников П. С. Павел Сергеевич (научный руководитель)
Примечания:Заглавие с экрана
Язык:русский
Опубликовано: 2019
Серии:Химия и химическая технология органических веществ и материалов
Предметы:
Online-ссылка:http://earchive.tpu.ru/handle/11683/55405
Формат: Электронный ресурс Статья
Запись в KOHA:https://koha.lib.tpu.ru/cgi-bin/koha/opac-detail.pl?biblionumber=629380

MARC

LEADER 00000naa2a2200000 4500
001 629380
005 20231101133546.0
035 |a (RuTPU)RU\TPU\conf\29990 
035 |a RU\TPU\conf\29987 
090 |a 629380 
100 |a 20190619d2019 k y0rusy50 ca 
101 0 |a rus 
102 |a RU 
105 |a y z 101zy 
135 |a drgn ---uucaa 
181 0 |a i  
182 0 |a b 
200 1 |a Синтез, особенности структуры и реакционной способности производных поливалентного иода на основе 2-(2-иодпиридил)-бензимидазола  |f Ю. А. Власенко  |g науч. рук. П. С. Постников 
203 |a Текст  |c электронный 
225 1 |a Химия и химическая технология органических веществ и материалов 
230 |a 1 компьютерный файл (pdf; 726 Kb) 
300 |a Заглавие с экрана 
320 |a [Библиогр.: с. 154 (6 назв.)] 
463 0 |0 (RuTPU)RU\TPU\conf\29907  |t Химия и химическая технология в XXI веке  |o материалы XX Международной научно-практической конференции имени профессора Л. П. Кулёва студентов и молодых ученых, 20–23 мая 2019 г., г. Томск  |f Национальный исследовательский Томский политехнический университет  |v [С. 153-154]  |d 2019 
610 1 |a электронный ресурс 
610 1 |a труды учёных ТПУ 
610 1 |a синтез 
610 1 |a структура 
610 1 |a реакционная способность 
610 1 |a поливалентный иод 
610 1 |a органический синтез 
610 1 |a органические соединения 
610 1 |a производные 
610 1 |a бензимидазолы 
700 1 |a Власенко  |b Ю. А.  |c химик  |c инженер Томского политехнического университета  |f 1994-  |g Юлия Александровна  |2 stltpush  |3 (RuTPU)RU\TPU\pers\40238 
702 1 |a Постников  |b П. С.  |c химик-органик  |c старший преподаватель Томского политехнического университета, кандидат химических наук  |f 1984-  |g Павел Сергеевич  |2 stltpush  |4 727 
712 0 2 |a Национальный исследовательский Томский политехнический университет  |b Исследовательская школа химических и биомедицинских технологий (ИШХБМТ)  |c (2017- )  |h 8120  |2 stltpush  |3 (RuTPU)RU\TPU\col\23537 
801 2 |a RU  |b 63413507  |c 20190806  |g RCR 
856 4 |u http://earchive.tpu.ru/handle/11683/55405 
942 |c BK